China’s trade Competitiveness in the Steel Industry after 15 years of its Membership in the WTO

Čína ako popredný výrobca a exportér ocele vo svete. Jej zahraničný obchod je však spätý s nekalými obchodnými praktikami. V súvislosti s členstvom krajiny vo WTO a vypršaním 15-ročného obdobia na to, aby sa Čína považovala za netrhovú ekonomiku z hľadiska dumpingu, nadobúda význam otázka čínskeho...

Descrizione completa

Salvato in:
Dettagli Bibliografici
Autore principale: Fojtíková, Lenka
Natura: Capitolo di libro
Lingua:inglese
Soggetti:
Tags: Aggiungi Tag
Nessun Tag, puoi essere il primo ad aggiungerne!!

MARC

LEADER 00000nla a2200000 4500
001 0241601
005 20240417075133.8
041 0 |a eng 
044 |a UA 
245 1 0 |a China’s trade Competitiveness in the Steel Industry after 15 years of its Membership in the WTO  |c Lenka Fojtíková 
520 |a Čína ako popredný výrobca a exportér ocele vo svete. Jej zahraničný obchod je však spätý s nekalými obchodnými praktikami. V súvislosti s členstvom krajiny vo WTO a vypršaním 15-ročného obdobia na to, aby sa Čína považovala za netrhovú ekonomiku z hľadiska dumpingu, nadobúda význam otázka čínskeho obchodu s oceľou. Čínsky vývoz v období rokov 2001 - 2016. Kľúčové fakty WTO v súvislosti s obchodom s oceľou. Zmeny v obchodných praktikách výrobkoch z ocele v Číne do 15 rokov po jeho vstup do WTO. Obchodná analýza bola vykonaná s použitím indexu Revealed Comparative Advantage (RCA). 
610 2 0 |a Svetová obchodná organizácia 
610 2 0 |a Čína 
610 2 0 |a oceliarstvo 
610 2 0 |a vývoz 
610 2 0 |a obchod svetový 
610 2 0 |a politika ekologická 
610 2 0 |a konkurencieschopnosť 
100 1 |a Fojtíková, Lenka